[Event "XIII Corsicoscacchi FIDE"]
[Site "Corsico ITA"]
[Date "1997.05.03"]
[Round "4"]
[White "Bonugli, Carlo"]
[Black "Piantoni, Roberto"]
[Result "0-1"]
[WhiteElo "2075"]
[BlackElo "2170"]
[PlyCount "44"]
[EventDate "1997.05.01"]

1. e4 e6 2. d4 d5 3. e5 c5 4. c3 Qb6 5. Nf3 Bd7 6. Be2 cxd4 7. cxd4 Bb5 8. O-O
Bxe2 9. Qxe2 Nc6 10. Nc3 Rc8 11. Be3 Nge7 12. Na4 Qb4 13. b3 Nf5 14. Rac1 Be7
15. Bd2 Nfxd4 16. Qd3 Nxf3+ 17. gxf3 Qh4 18. Qb5 O-O 19. Qxb7 Nxe5 20. Rxc8
Nxf3+ 21. Kg2 Qg4+ 22. Kh1 Qh3 0-1

[Event "XIII Corsicoscacchi FIDE"]
[Site "Corsico ITA"]
[Date "1997.05.03"]
[Round "4"]
[White "Capece, Adolivio"]
[Black "Grinza, Andrea"]
[Result "0-1"]
[WhiteElo "1955"]
[BlackElo "2275"]
[PlyCount "68"]
[EventDate "1997.05.01"]

1. c4 e5 2. Nc3 Nf6 3. g3 Nc6 4. Bg2 Bb4 5. a3 Bxc3 6. bxc3 O-O 7. Nf3 e4 8.
Nd4 Ne5 9. Qb3 d6 10. O-O c5 11. Nc2 Be6 12. Ne3 Qd7 13. f4 exf3 14. exf3 Nxc4
15. Nxc4 b5 16. d3 bxc4 17. Qd1 cxd3 18. Qxd3 h6 19. Bf4 d5 20. Rfd1 Bf5 21.
Qa6 Rfe8 22. Bf1 Re6 23. Qa5 Qc6 24. Ra2 d4 25. cxd4 Qxf3 26. Rad2 Rae8 27. d5
Re1 28. Rxe1 Rxe1 29. Rf2 Qe4 30. Bd2 Rb1 31. d6 Bh3 32. Qd8+ Kh7 33. Qe7 Rxf1+
34. Rxf1 Qg2# 0-1

[Event "XIII Corsicoscacchi FIDE"]
[Site "Corsico ITA"]
[Date "1997.05.03"]
[Round "4"]
[White "Caruso, Daniele"]
[Black "Dallaglio, Giovanni"]
[Result "1-0"]
[WhiteElo "2150"]
[BlackElo "2075"]
[PlyCount "55"]
[EventDate "1997.05.01"]

1. e4 c5 2. Nf3 g6 3. g3 Bg7 4. Bg2 Nc6 5. O-O d6 6. c3 Nf6 7. Re1 O-O 8. d4
Qc7 9. d5 Nb8 10. c4 Bg4 11. h3 Bxf3 12. Qxf3 a6 13. Nc3 Nbd7 14. Qe2 e6 15. a4
exd5 16. cxd5 Rab8 17. Be3 Ne8 18. f4 Bxc3 19. bxc3 f5 20. e5 dxe5 21. fxe5
Qxe5 22. Qd2 Qf6 23. Bf4 Rc8 24. Re6 Qf7 25. Rae1 Rd8 26. Re7 Qf6 27. Bh6 Qh8
28. d6 1-0

[Event "XIII Corsicoscacchi FIDE"]
[Site "Corsico ITA"]
[Date "1997.05.03"]
[Round "4"]
[White "Dorighet, Claudio"]
[Black "Mazzotti, Carlo"]
[Result "1-0"]
[WhiteElo "2090"]
[BlackElo "2135"]
[PlyCount "63"]
[EventDate "1997.05.01"]

1. c4 e6 2. g3 f5 3. Bg2 Nf6 4. b3 Be7 5. Nf3 O-O 6. O-O d6 7. d4 Nbd7 8. Bb2
Ne4 9. Nc3 Ndf6 10. Nd2 Nxc3 11. Bxc3 c5 12. dxc5 dxc5 13. Qc2 Qc7 14. e4 Bd7
15. Rae1 f4 16. e5 Ne8 17. Be4 g6 18. Bxg6 hxg6 19. Qxg6+ Ng7 20. Ne4 Be8 21.
Qh6 Rf5 22. Nf6+ Kf7 23. g4 Bf8 24. gxf5 Nxf5 25. Qh5+ Ke7 26. Qg5 Qc6 27. Rd1
Bh6 28. Ng8+ Kf7 29. Nxh6+ Nxh6 30. Qxh6 Bd7 31. Qh7+ Kf8 32. Rxd7 1-0

[Event "XIII Corsicoscacchi FIDE"]
[Site "Corsico ITA"]
[Date "1997.05.03"]
[Round "4"]
[White "Everet, Alexandro"]
[Black "Rodighiero, Giuseppe"]
[Result "1-0"]
[WhiteElo "2135"]
[BlackElo "2185"]
[PlyCount "87"]
[EventDate "1997.05.01"]

1. e4 c6 2. d4 d5 3. e5 Bf5 4. Nf3 e6 5. Bd3 Bxd3 6. Qxd3 Qa5+ 7. Bd2 Qa6 8.
O-O Qxd3 9. cxd3 a5 10. a3 Nd7 11. Nc3 h5 12. b4 a4 13. b5 c5 14. Be3 cxd4 15.
Bxd4 b6 16. Be3 Ne7 17. Rfc1 Nf5 18. d4 Nxe3 19. fxe3 Be7 20. e4 dxe4 21. Nxe4
O-O 22. Nd6 Bxd6 23. exd6 Nf6 24. Rc6 Nd5 25. Ne5 Rfd8 26. Rac1 f6 27. Nc4 Rab8
28. Nb2 Ra8 29. R1c4 Kf7 30. Rxa4 Rxa4 31. Nxa4 Ke8 32. Nxb6 Nxb6 33. Rxb6 Kd7
34. a4 Rb8 35. Ra6 Rc8 36. h3 Rc4 37. a5 Rxd4 38. Rb6 Rxd6 39. Rb7+ Kc8 40. a6
Rd5 41. b6 Ra5 42. Rc7+ Kb8 43. a7+ Ka8 44. Rxg7 1-0

[Event "XIII Corsicoscacchi FIDE"]
[Site "Corsico ITA"]
[Date "1997.05.03"]
[Round "4"]
[White "Gori, Andrea"]
[Black "Rossi, Giampiero"]
[Result "1-0"]
[WhiteElo "1954"]
[BlackElo "2140"]
[PlyCount "63"]
[EventDate "1997.05.01"]

1. e4 c5 2. Nf3 e6 3. c4 a6 4. Nc3 Nc6 5. d4 cxd4 6. Nxd4 Qc7 7. Nc2 Nf6 8. f4
d6 9. Be3 Be7 10. g4 O-O 11. g5 Nd7 12. Qd2 Re8 13. h4 b6 14. Bh3 Bf8 15. O-O-O
Bb7 16. Rhg1 Rac8 17. b3 Rcd8 18. h5 g6 19. f5 Nce5 20. Rdf1 exf5 21. hxg6 hxg6
22. exf5 Nf3 23. Rxf3 Bxf3 24. f6 Nc5 25. Bg2 Bxg2 26. Qxg2 d5 27. Nxd5 Rxd5
28. Qxd5 Rd8 29. Qg2 Qe5 30. Kb1 Nd3 31. Bc1 Bc5 32. Rh1 1-0

[Event "XIII Corsicoscacchi FIDE"]
[Site "Corsico ITA"]
[Date "1997.05.03"]
[Round "4"]
[White "Marcoli, Paolo"]
[Black "Scotti, Umberto"]
[Result "1-0"]
[WhiteElo "2150"]
[BlackElo "2130"]
[PlyCount "105"]
[EventDate "1997.05.01"]

1. e4 e6 2. Nc3 d5 3. Nf3 Nf6 4. e5 Nfd7 5. d4 c5 6. dxc5 Nc6 7. Bf4 Bxc5 8.
Bd3 f6 9. exf6 Nxf6 10. O-O O-O 11. Ne5 a6 12. Nxc6 bxc6 13. Be5 Qe8 14. Na4
Be7 15. Nb6 Ra7 16. Qe2 a5 17. Rae1 Qh5 18. Nxc8 Rxc8 19. Qe3 Raa8 20. Bg3 Kh8
21. Qxe6 Bc5 22. c3 Qh6 23. Ba6 Rf8 24. Qxc6 Ba7 25. Re6 Qd2 26. Re2 Qg5 27.
Bd6 Ng4 28. Bxf8 Rxf8 29. Bd3 Nf6 30. Qd6 Kg8 31. c4 Bb8 32. Qe6+ Kh8 33. Qe7
Rg8 34. cxd5 Qh5 35. d6 h6 36. Rfe1 Qd5 37. Bg6 Bxd6 38. Qf7 Qg5 39. Re6 Qf4
40. g3 Qb4 41. a3 Qd4 42. Bf5 Bc5 43. R1e2 Qd1+ 44. Re1 Qd4 45. R6e2 a4 46. Qg6
Rf8 47. Bb1 Kg8 48. h3 Ba7 49. Qd3 Qb6 50. Qc4+ Kh8 51. Qxa4 Qc7 52. Kh2 Nh5
53. Re8 1-0

[Event "XIII Corsicoscacchi FIDE"]
[Site "Corsico ITA"]
[Date "1997.05.03"]
[Round "4"]
[White "Oppici, Gabriele"]
[Black "Duarte, Riccardo"]
[Result "1-0"]
[WhiteElo "2005"]
[BlackElo "2010"]
[PlyCount "96"]
[EventDate "1997.05.01"]

1. e4 e5 2. Nf3 Nc6 3. Nc3 Be7 4. d4 exd4 5. Nxd4 d6 6. Nd5 Nf6 7. Bc4 Ne5 8.
Bb3 Nxd5 9. exd5 O-O 10. O-O Bg4 11. f3 Bd7 12. c3 Re8 13. Bc2 Bf8 14. Bf4 g6
15. b3 Bg7 16. Qd2 Rc8 17. Rad1 c6 18. dxc6 Nxc6 19. Nxc6 Rxc6 20. c4 Qb6+ 21.
Kh1 Be6 22. Be4 Rcc8 23. Qxd6 Qxd6 24. Bxd6 b6 25. Bb7 Rcd8 26. Bc6 Bf8 27.
Bxe8 Bxd6 28. Bc6 Kf8 29. Rfe1 h6 30. Be4 Ke7 31. Bd5 a5 32. Re4 Kf6 33. Bxe6
fxe6 34. Red4 Ke7 35. R4d2 Rd7 36. a3 Rd8 37. g3 h5 38. Kg2 e5 39. h4 Ke6 40.
b4 axb4 41. axb4 Ke7 42. c5 bxc5 43. bxc5 Bc7 44. Rxd8 Bxd8 45. Rd6 Ba5 46.
Rxg6 Bb4 47. c6 Kd8 48. Rg7 Bd6 1-0

[Event "XIII Corsicoscacchi FIDE"]
[Site "Corsico ITA"]
[Date "1997.05.03"]
[Round "4"]
[White "Podini, Francesco"]
[Black "Profumo, Alberto"]
[Result "1/2-1/2"]
[WhiteElo "2010"]
[BlackElo "2163"]
[PlyCount "57"]
[EventDate "1997.05.01"]

1. c4 Nf6 2. Nc3 g6 3. g3 Bg7 4. Bg2 O-O 5. e4 e5 6. Nge2 d6 7. O-O Nc6 8. d3
Be6 9. h3 Qd7 10. Kh2 Ne8 11. Nd5 f5 12. exf5 gxf5 13. f4 Nd4 14. Ndc3 c5 15.
Nd5 Nc7 16. Nxc7 Qxc7 17. Nxd4 exd4 18. Bd2 Rad8 19. Re1 Bf7 20. b4 cxb4 21.
Bxb4 Rfe8 22. Qb3 b5 23. Bd5 bxc4 24. Bxf7+ Qxf7 25. Qxc4 Qxc4 26. dxc4 d3 27.
Rxe8+ Rxe8 28. Re1 Rb8 29. a3 1/2-1/2

[Event "XIII Corsicoscacchi FIDE"]
[Site "Corsico ITA"]
[Date "1997.05.03"]
[Round "4"]
[White "Radice, Luca"]
[Black "Faraoni, Enrico"]
[Result "0-1"]
[WhiteElo "2075"]
[BlackElo "2195"]
[PlyCount "56"]
[EventDate "1997.05.01"]

1. d4 Nf6 2. c4 g6 3. Nc3 Bg7 4. e4 d6 5. Nge2 c5 6. d5 b5 7. cxb5 O-O 8. Ng3
a6 9. b6 Qxb6 10. a4 e6 11. a5 Qc7 12. Be2 exd5 13. exd5 Re8 14. O-O Nbd7 15.
f4 Rb8 16. Bc4 Rb4 17. Ra4 Rxa4 18. Qxa4 Ng4 19. Nd1 Bd4+ 20. Kh1 Qd8 21. h3
Qh4 22. Ne2 Rxe2 23. Bxe2 Ndf6 24. Qb3 Ne4 25. Bxg4 Bxg4 26. Be3 Ng3+ 27. Kg1
Ne2+ 28. Kh1 Bxh3 0-1

[Event "XIII Corsicoscacchi FIDE"]
[Site "Corsico ITA"]
[Date "1997.05.03"]
[Round "4"]
[White "Ranieri, Fabrizio"]
[Black "Facchetti, Gianni"]
[Result "1/2-1/2"]
[WhiteElo "2125"]
[BlackElo "2125"]
[PlyCount "149"]
[EventDate "1997.05.01"]

1. e4 e5 2. Nf3 Nc6 3. Bc4 d6 4. Nc3 Bg4 5. h3 Bh5 6. a3 Nd4 7. Be2 Nxe2 8.
Qxe2 c6 9. d3 Be7 10. g4 Bg6 11. h4 f6 12. h5 Bf7 13. Nh4 g6 14. Ng2 g5 15. Ne3
Nh6 16. Qf3 Qd7 17. Bd2 O-O 18. Ne2 Be6 19. Rg1 Kh8 20. c4 b5 21. Bc3 Rad8 22.
cxb5 cxb5 23. d4 Qb7 24. d5 Bd7 25. Kf1 Ra8 26. Nc1 a5 27. Na2 b4 28. axb4 axb4
29. Bxb4 Rxa2 30. Rxa2 Qxb4 31. Kg2 Rb8 32. Rga1 Kg7 33. Ra7 Rb7 34. Rxb7 Qxb7
35. Qe2 Kf7 36. f3 Bd8 37. Nc4 Ke7 38. Na5 Bxa5 39. Rxa5 Nf7 40. Qd2 Nd8 41. b4
Qb8 42. Qc3 Nb7 43. Ra6 Nd8 44. Qa3 Qb5 45. Ra7 Qe2+ 46. Kg3 Qe1+ 47. Kg2 Ke8
48. Ra8 Qe2+ 49. Kg3 Bb5 50. Qc1 h6 51. Rc8 Bd7 52. Rb8 Ke7 53. b5 Nf7 54. b6
Qb5 55. Rb7 Nd8 56. Rb8 Nf7 57. Qg1 Nd8 58. Qf2 Qb4 59. Kg2 Qb5 60. Qc2 Qb4 61.
Qf2 Qb5 62. Ra8 Nb7 63. Rh8 Nc5 64. Rxh6 Qxb6 65. Rh8 Kf7 66. Ra8 Kg7 67. Qa2
Qb4 68. Ra7 Kh6 69. Ra8 Bxg4 70. fxg4 Qxe4+ 71. Kh3 Qf3+ 72. Kh2 Qxg4 73. Rh8+
Kg7 74. Qa8 Qe2+ 75. Kh1 1/2-1/2

[Event "XIII Corsicoscacchi FIDE"]
[Site "Corsico ITA"]
[Date "1997.05.03"]
[Round "4"]
[White "Ubezio, Marco"]
[Black "Natalucci, Fabrizio"]
[Result "1/2-1/2"]
[WhiteElo "2180"]
[BlackElo "2235"]
[PlyCount "142"]
[EventDate "1997.05.01"]

1. Nf3 d5 2. d4 f5 3. Bf4 Nf6 4. Ne5 c6 5. c3 Nbd7 6. h3 Nxe5 7. Bxe5 Nd7 8.
Bf4 g6 9. Nd2 Bg7 10. Nf3 e6 11. h4 Qe7 12. h5 e5 13. dxe5 Nxe5 14. Nxe5 Bxe5
15. Bxe5 Qxe5 16. hxg6 hxg6 17. Rxh8+ Qxh8 18. Qd4 Qxd4 19. cxd4 f4 20. Rc1 Bf5
21. Rc3 Kd7 22. g3 fxg3 23. Rxg3 Rh8 24. Bg2 Rh4 25. Rb3 Kc7 26. e3 b5 27. Rc3
b4 28. Rc5 Kb6 29. Rc1 a5 30. Ke2 Rh2 31. Bf3 Rh4 32. Rg1 Kb5 33. Kd2 a4 34.
Be2+ Kb6 35. a3 c5 36. dxc5+ Kxc5 37. Rc1+ Kd6 38. Bf3 bxa3 39. bxa3 Rh2 40.
Ke2 Rh4 41. Rd1 Be4 42. Bxe4 Rxe4 43. f3 Rc4 44. e4 d4 45. f4 Kc5 46. Kd2 Kb5
47. Rb1+ Kc5 48. Rb8 Kc6 49. Rg8 Kc5 50. Rg7 Kb5 51. Kd3 Rc3+ 52. Kxd4 Rxa3 53.
Rxg6 Rb3 54. Rg8 Rb4+ 55. Kd5 a3 56. Ra8 Ra4 57. Rb8+ Ka6 58. Rb1 Ra5+ 59. Ke6
Ra4 60. Kf5 a2 61. Ra1 Kb6 62. e5 Kc7 63. Kg5 Kd7 64. f5 Ke7 65. f6+ Kf7 66.
Kf5 Ra5 67. Kf4 Ra4+ 68. Kg5 Ke6 69. Kg6 Rg4+ 70. Kh5 Ra4 71. Kg5 Kf7 1/2-1/2

[Event "XIII Corsicoscacchi FIDE"]
[Site "Corsico ITA"]
[Date "1997.05.03"]
[Round "4"]
[White "Vicari, Luigi"]
[Black "Castaldo, Folco"]
[Result "0-1"]
[WhiteElo "2085"]
[BlackElo "1987"]
[PlyCount "50"]
[EventDate "1997.05.01"]

1. e4 g6 2. Nc3 Bg7 3. Nf3 c6 4. d4 Nf6 5. Be2 d5 6. e5 Ne4 7. Nxe4 dxe4 8. Ng5
c5 9. dxc5 Qa5+ 10. Bd2 Qxc5 11. Bc3 Nc6 12. Nxe4 Qb6 13. Qd5 O-O 14. f4 Bf5
15. Qd3 Nb4 16. Qd2 Rfd8 17. Bd3 Nxd3+ 18. cxd3 Bxe4 19. Ba5 Qa6 20. Bxd8 Rxd8
21. Qe3 Bxg2 22. Rg1 Rxd3 23. Qc5 Bf3 24. Qf2 Qa5+ 25. Kf1 Qb5 0-1

[Event "XIII Corsicoscacchi FIDE"]
[Site "Corsico ITA"]
[Date "1997.05.03"]
[Round "4"]
[White "Zoldan, Matteo"]
[Black "Tomasi, Diego"]
[Result "1-0"]
[WhiteElo "2155"]
[BlackElo "2045"]
[PlyCount "61"]
[EventDate "1997.05.01"]

1. c4 e5 2. Nc3 Nc6 3. g3 g6 4. Bg2 Bg7 5. d3 Nge7 6. e3 O-O 7. Nge2 d6 8. O-O
Be6 9. Nd5 Qd7 10. Rb1 Nd8 11. b4 c6 12. Nxe7+ Qxe7 13. b5 d5 14. bxc6 bxc6 15.
cxd5 Bxd5 16. Bxd5 cxd5 17. Qa4 Qe6 18. Ba3 Re8 19. Rfc1 f5 20. Rc7 Bh6 21. Qd7
Qxd7 22. Rxd7 f4 23. exf4 exf4 24. Nxf4 Bxf4 25. gxf4 Ne6 26. Rbb7 Rab8 27.
Rxa7 Rb1+ 28. Kg2 Rd1 29. Bd6 Rxd3 30. Be5 Rd1 31. Rxh7 1-0

[Event "XIII Corsicoscacchi FIDE"]
[Site "Corsico ITA"]
[Date "1997.05.03"]
[Round "5"]
[White "Capece, Adolivio"]
[Black "Bonugli, Carlo"]
[Result "1/2-1/2"]
[WhiteElo "1955"]
[BlackElo "2075"]
[PlyCount "37"]
[EventDate "1997.05.01"]

1. c4 Nf6 2. Nc3 g6 3. g3 Bg7 4. Bg2 O-O 5. d3 d6 6. Bg5 Nc6 7. Qd2 Nd4 8. Nf3
Nxf3+ 9. Bxf3 c6 10. h4 h5 11. e4 Rb8 12. a4 a5 13. d4 Qc7 14. O-O e5 15. d5
Ne8 16. Rac1 Bf6 17. Be3 c5 18. Nb5 Qd8 19. Bh6 1/2-1/2

[Event "XIII Corsicoscacchi FIDE"]
[Site "Corsico ITA"]
[Date "1997.05.03"]
[Round "5"]
[White "Cazzaniga, Walter"]
[Black "Rodighiero, Giuseppe"]
[Result "0-1"]
[WhiteElo "2205"]
[BlackElo "2185"]
[PlyCount "35"]
[EventDate "1997.05.01"]

1. d4 Nf6 2. c4 g6 3. Nc3 Bg7 4. e4 d6 5. f3 O-O 6. Be3 Nbd7 7. Qd2 c5 8. Nge2
a6 9. Rd1 Qc7 10. dxc5 dxc5 11. Nf4 e6 12. Be2 b6 13. O-O Ne5 14. Qd6 Ne8 15.
Qxc7 Nxc7 16. Rd6 Rb8 17. Rfd1 Bf6 18. Nd3 0-1

[Event "XIII Corsicoscacchi FIDE"]
[Site "Corsico ITA"]
[Date "1997.05.03"]
[Round "5"]
[White "Dallaglio, Giovanni"]
[Black "Oppici, Gabriele"]
[Result "0-1"]
[WhiteElo "2075"]
[BlackElo "2005"]
[PlyCount "32"]
[EventDate "1997.05.01"]

1. d4 Nc6 2. Nf3 d5 3. e3 Nf6 4. c4 Bg4 5. Nc3 e6 6. cxd5 exd5 7. Be2 Be7 8.
O-O O-O 9. Bd2 Qd7 10. Be1 Bd6 11. Rc1 Rfe8 12. h3 Bxh3 13. gxh3 Qxh3 14. Ne5
Nxe5 15. dxe5 Rxe5 16. f4 Rg5+ 0-1

[Event "XIII Corsicoscacchi FIDE"]
[Site "Corsico ITA"]
[Date "1997.05.03"]
[Round "5"]
[White "Duarte, Riccardo"]
[Black "Mazzotti, Carlo"]
[Result "1-0"]
[WhiteElo "2010"]
[BlackElo "2135"]
[PlyCount "71"]
[EventDate "1997.05.01"]

1. e4 e6 2. d4 d5 3. exd5 exd5 4. Bd3 Nc6 5. c3 Bd6 6. Ne2 Qh4 7. Nd2 Nf6 8.
Nf3 Qg4 9. O-O O-O 10. Ng3 Bxg3 11. fxg3 Re8 12. Bf4 Re7 13. h3 Qh5 14. g4 Nxg4
15. hxg4 Bxg4 16. Qc2 Rae8 17. Qf2 Bf5 18. Bxf5 Qxf5 19. Bg3 f6 20. Rae1 Qh5
21. Rxe7 Rxe7 22. Re1 Qf7 23. Rxe7 Qxe7 24. Qe1 Qd7 25. Bxc7 Kf7 26. Bg3 h5 27.
Qf2 Kg8 28. Nh4 Ne7 29. Qe2 g5 30. Nf3 h4 31. Be1 Ng6 32. Bd2 g4 33. Nh2 f5 34.
Bg5 Qd6 35. Qe8+ Kg7 36. Qc8 1-0

[Event "XIII Corsicoscacchi FIDE"]
[Site "Corsico ITA"]
[Date "1997.05.03"]
[Round "5"]
[White "Facchetti, Gianni"]
[Black "Dorighet, Claudio"]
[Result "1/2-1/2"]
[WhiteElo "2125"]
[BlackElo "2090"]
[PlyCount "153"]
[EventDate "1997.05.01"]

1. e4 c5 2. Nf3 d6 3. d3 Nc6 4. Be2 g6 5. c3 d5 6. Nbd2 Bg7 7. Qc2 e5 8. Nf1
Nge7 9. h4 h6 10. h5 g5 11. N3h2 O-O 12. g4 d4 13. Ng3 Be6 14. Nhf1 b5 15. Nf5
Qb6 16. N1g3 Rfd8 17. Bd2 Rac8 18. O-O Rd7 19. b3 dxc3 20. Bxc3 Nd4 21. Bxd4
cxd4 22. Qb2 Bf8 23. Rfc1 Rdc7 24. Rxc7 Qxc7 25. Rd1 Qa5 26. Bf1 Nc6 27. Ne2
Kh7 28. Kg2 Ba3 29. Qd2 Qb6 30. Neg3 Nb4 31. Qe2 Rc2 32. Qf3 Qd8 33. Ra1 Bb2
34. Re1 Nxa2 35. Re2 Nb4 36. Rxc2 Nxc2 37. Qd1 Nb4 38. Kh3 a5 39. Kh2 Bc3 40.
Kh3 Qc7 41. Qf3 Qd8 42. Qd1 Nc6 43. Kg2 Ne7 44. Kh3 Ng8 45. Be2 Qd7 46. Qb1 a4
47. Bd1 Bxb3 48. Bxb3 axb3 49. Qxb3 b4 50. Nd6 Qxd6 51. Qxf7+ Kh8 52. Nf5 Qf6
53. Qb7 b3 54. Qxb3 Ba5 55. Qb5 Bd8 56. Qd7 Be7 57. Kg2 Bf8 58. Qe8 Ne7 59. f3
Kg8 60. Kh3 Nxf5 61. gxf5 Qf7 62. Qxe5 Qxh5+ 63. Kg2 g4 64. Qg3 Qh3+ 65. Qxh3
gxh3+ 66. Kxh3 Bd6 67. Kg4 Kf7 68. Kh5 Kg7 69. Kg4 Kf6 70. f4 Bc7 71. Kf3 h5
72. Kg3 h4+ 73. Kg4 h3 74. e5+ Bxe5 75. fxe5+ Kxe5 76. Kxh3 Kxf5 77. Kg3
1/2-1/2

[Event "XIII Corsicoscacchi FIDE"]
[Site "Corsico ITA"]
[Date "1997.05.03"]
[Round "5"]
[White "Faraoni, Enrico"]
[Black "Caruso, Daniele"]
[Result "1-0"]
[WhiteElo "2195"]
[BlackElo "2150"]
[PlyCount "87"]
[EventDate "1997.05.01"]

1. e4 e6 2. b3 d5 3. Bb2 Nf6 4. e5 Nfd7 5. Nc3 a6 6. Qe2 c5 7. f4 b5 8. O-O-O
Nb6 9. Nf3 b4 10. Nb1 Ra7 11. g4 d4 12. Bg2 Nd5 13. Qf2 Nxf4 14. Bf1 Bb7 15.
Rg1 Bxf3 16. Qxf3 Nd5 17. c3 Qa5 18. Bc4 Rd7 19. Rgf1 Nb6 20. cxb4 cxb4 21. d3
Qxe5 22. Nd2 Qe3 23. Qg2 Nxc4 24. dxc4 Be7 25. Rf3 Qg5 26. h4 Qa5 27. g5 Qxa2
28. Ne4 a5 29. Qg3 Nc6 30. Kc2 d3+ 31. Rfxd3 Rxd3 32. Qxd3 Ne5 33. Qg3 a4 34.
Qxe5 Qxb3+ 35. Kc1 Qxc4+ 36. Kb1 f6 37. gxf6 gxf6 38. Qh5+ Kf8 39. Qh6+ Kf7 40.
Nd6+ Bxd6 41. Qxf6+ Ke8 42. Qxh8+ Bf8 43. Qxh7 Bc5 44. Qg6+ 1-0

[Event "XIII Corsicoscacchi FIDE"]
[Site "Corsico ITA"]
[Date "1997.05.03"]
[Round "5"]
[White "Grinza, Andrea"]
[Black "Gori, Andrea"]
[Result "1-0"]
[WhiteElo "2275"]
[BlackElo "1954"]
[PlyCount "83"]
[EventDate "1997.05.01"]

1. d4 d6 2. c4 e5 3. d5 f5 4. Nc3 Nf6 5. Nf3 g6 6. g3 Bg7 7. Bg2 O-O 8. O-O Qe7
9. Rb1 a5 10. a3 c5 11. dxc6 bxc6 12. Bg5 h6 13. Nd5 cxd5 14. Bxf6 Qf7 15. Bxg7
Kxg7 16. Qxd5 Qxd5 17. cxd5 Nd7 18. Rfc1 Ba6 19. Rc7 Rf7 20. Rc6 Rf6 21. Bf1
Nc5 22. Nxe5 Ne4 23. Rc7+ Kg8 24. Nf3 f4 25. b4 fxg3 26. fxg3 axb4 27. axb4 Bb5
28. Nd4 Rb8 29. Bg2 Ng5 30. h4 Nf7 31. Bh3 Nd8 32. Ra1 Be8 33. Raa7 Bf7 34. Nc6
Nxc6 35. dxc6 Bd5 36. Rg7+ Kh8 37. Rh7+ Kg8 38. Rag7+ Kf8 39. c7 Re8 40. Rh8+
Kxg7 41. Rxe8 Bb7 42. Rb8 1-0

[Event "XIII Corsicoscacchi FIDE"]
[Site "Corsico ITA"]
[Date "1997.05.03"]
[Round "5"]
[White "Natalucci, Fabrizio"]
[Black "Ranieri, Fabrizio"]
[Result "1-0"]
[WhiteElo "2235"]
[BlackElo "2125"]
[PlyCount "85"]
[EventDate "1997.05.01"]

1. d4 e6 2. Nf3 d5 3. g3 Nf6 4. Bg2 c5 5. c4 Nc6 6. O-O dxc4 7. Ne5 Nxe5 8.
dxe5 Qxd1 9. Rxd1 Nd7 10. f4 Rb8 11. a4 a5 12. Bd2 b6 13. Na3 Be7 14. Bc3 Bb7
15. Nxc4 Bxg2 16. Kxg2 Rb7 17. Rd6 O-O 18. Rc6 Rfb8 19. Nd6 Bxd6 20. exd6 Kf8
21. Rd1 f6 22. e4 Ke8 23. g4 f5 24. e5 fxg4 25. f5 Nf8 26. fxe6 Nxe6 27. d7+
Ke7 28. Rxe6+ Kxe6 29. d8=Q Rxd8 30. Rxd8 Kf5 31. Kg3 h5 32. Rf8+ Kg5 33. Bd2+
Kg6 34. Kf4 Re7 35. Ke4 h4 36. Bf4 Kh5 37. Kf5 g6+ 38. Kf6 Rh7 39. e6 g3 40.
hxg3 h3 41. e7 Kg4 42. e8=Q h2 43. Qxg6+ 1-0

[Event "XIII Corsicoscacchi FIDE"]
[Site "Corsico ITA"]
[Date "1997.05.03"]
[Round "5"]
[White "Piantoni, Roberto"]
[Black "Scotti, Umberto"]
[Result "1/2-1/2"]
[WhiteElo "2170"]
[BlackElo "2130"]
[PlyCount "57"]
[EventDate "1997.05.01"]

1. d4 d5 2. Nf3 Nc6 3. Bf4 Bf5 4. e3 e6 5. Be2 Bd6 6. Bxd6 Qxd6 7. O-O Nf6 8.
Nbd2 Bg4 9. c4 O-O 10. h3 Bh5 11. a3 Rad8 12. Qa4 Ne4 13. c5 Qe7 14. Bb5 Nxd2
15. Nxd2 Qd7 16. Nb3 a6 17. Bxc6 bxc6 18. Na5 Rb8 19. b4 Rb5 20. Qc2 f6 21. Qc3
Be8 22. Ra2 Qe7 23. f4 Bd7 24. g4 Rbb8 25. Raf2 Rbe8 26. Qd3 e5 27. fxe5 fxe5
28. Rxf8+ Rxf8 29. Rxf8+ 1/2-1/2

[Event "XIII Corsicoscacchi FIDE"]
[Site "Corsico ITA"]
[Date "1997.05.03"]
[Round "5"]
[White "Podini, Francesco"]
[Black "Marcoli, Paolo"]
[Result "1-0"]
[WhiteElo "2010"]
[BlackElo "2150"]
[PlyCount "73"]
[EventDate "1997.05.01"]

1. c4 g6 2. Nc3 Bg7 3. g3 e5 4. Bg2 f5 5. d3 Nf6 6. e3 c6 7. Nge2 O-O 8. O-O d6
9. Rb1 Na6 10. d4 g5 11. f4 gxf4 12. gxf4 e4 13. b4 Nc7 14. a4 Be6 15. Qb3 b5
16. axb5 cxb5 17. d5 bxc4 18. Qxc4 Nfxd5 19. Nxd5 Bxd5 20. Qc2 Nb5 21. Bb2 Qb6
22. Qd2 Bc4 23. Bxg7 Kxg7 24. Rfe1 Rac8 25. Ng3 d5 26. Bh3 Bd3 27. Rbc1 Rxc1
28. Rxc1 Nd6 29. Rc5 Nc4 30. Qc3+ Kg6 31. Qd4 Rf6 32. Bxf5+ Kh6 33. Bh3 Rg6 34.
Qxd5 Qxb4 35. Qh5+ Kg7 36. Rc7+ Kf8 37. Qf5+ 1-0

[Event "XIII Corsicoscacchi FIDE"]
[Site "Corsico ITA"]
[Date "1997.05.03"]
[Round "5"]
[White "Profumo, Alberto"]
[Black "Everet, Alexandro"]
[Result "1/2-1/2"]
[WhiteElo "2163"]
[BlackElo "2135"]
[PlyCount "130"]
[EventDate "1997.05.01"]

1. Nf3 d5 2. g3 g6 3. Bg2 Bg7 4. d4 Nf6 5. c4 c6 6. cxd5 cxd5 7. Nc3 O-O 8. Ne5
Nc6 9. O-O Be6 10. Bf4 a6 11. Nxc6 bxc6 12. Be5 Qa5 13. Qd2 Nd7 14. Bxg7 Kxg7
15. Rfd1 Rab8 16. b3 Nf6 17. Na4 Qxd2 18. Rxd2 Nd7 19. Rc1 Nb6 20. Nc5 Bc8 21.
Nd3 Bb7 22. Ne5 Rfc8 23. Rdc2 e6 24. Nxc6 Bxc6 25. Rxc6 Rxc6 26. Rxc6 a5 27.
Rc5 a4 28. Rb5 axb3 29. Rxb3 Kf8 30. e4 dxe4 31. Bxe4 Ke7 32. Kf1 Kd6 33. Ke2
e5 34. dxe5+ Kxe5 35. Bc2 Kd6 36. Rd3+ Kc5 37. Bb3 Rb7 38. h4 Re7+ 39. Re3 Rd7
40. h5 Kb4 41. Kf3 Nc8 42. Kg4 Nd6 43. Rf3 f5+ 44. Kg5 Ne4+ 45. Kh6 Rd6 46. Kg7
Rd7+ 47. Kh6 Rd6 48. Bf7 gxh5+ 49. Kxh5 Rd2 50. a3+ Kc5 51. Rxf5+ Kd6 52. Bg8
Nxf2 53. Bxh7 Ne4 54. Kg4 Rd3 55. Rf3 Rxf3 56. Kxf3 Ng5+ 57. Kf4 Nxh7 58. Kf5
Nf8 59. g4 Ne6 60. a4 Nd4+ 61. Ke4 Nb3 62. g5 Nc5+ 63. Kf5 Nxa4 64. Kf6 Nc5 65.
g6 Ne6 1/2-1/2

[Event "XIII Corsicoscacchi FIDE"]
[Site "Corsico ITA"]
[Date "1997.05.03"]
[Round "5"]
[White "Rossi, Giampiero"]
[Black "Radice, Luca"]
[Result "0-1"]
[WhiteElo "2140"]
[BlackElo "2075"]
[PlyCount "94"]
[EventDate "1997.05.01"]

1. d4 Nf6 2. c4 g6 3. g3 Bg7 4. Bg2 O-O 5. Nc3 d6 6. Nf3 Nbd7 7. O-O e5 8. Qc2
c6 9. Rd1 Qe7 10. h3 h6 11. dxe5 dxe5 12. Be3 Nh5 13. Qd2 Kh7 14. Qd6 Qe8 15.
g4 Nf4 16. Bxf4 exf4 17. Qxf4 Nc5 18. Qd6 Nd7 19. Rac1 Nb6 20. b3 Kg8 21. c5
Nd7 22. e3 Ne5 23. Nxe5 Bxe5 24. Qd2 f5 25. f4 Bc7 26. Bf3 Qe7 27. b4 Be6 28.
Ne2 Rae8 29. Nd4 Bc8 30. Re1 Qh4 31. Kg2 Re7 32. Qf2 Qf6 33. gxf5 Bxf5 34. Nxf5
Qxf5 35. a3 Rg7 36. Qa2+ Kh8 37. Qb2 g5 38. Bg4 Qe4+ 39. Bf3 Qf5 40. Bg4 Qe4+
41. Bf3 Qg6 42. Kf2 gxf4 43. Rg1 fxe3+ 44. Ke2 Bg3 45. Rg2 Rxf3 46. Kxf3 Qf5+
47. Ke2 Be5 0-1

[Event "XIII Corsicoscacchi FIDE"]
[Site "Corsico ITA"]
[Date "1997.05.04"]
[Round "6"]
[White "Dorighet, Claudio"]
[Black "Tomasi, Diego"]
[Result "1/2-1/2"]
[WhiteElo "2090"]
[BlackElo "2045"]
[PlyCount "77"]
[EventDate "1997.05.01"]

1. c4 f5 2. g3 Nf6 3. Bg2 d6 4. Nc3 a5 5. Rb1 Nc6 6. e3 e5 7. Nge2 Be7 8. O-O
O-O 9. d4 e4 10. f3 exf3 11. Bxf3 Qe8 12. a3 Kh8 13. b4 axb4 14. axb4 Bd8 15.
Qd3 Ne7 16. Nf4 g5 17. Nfd5 Nexd5 18. Nxd5 c6 19. Nxf6 Bxf6 20. b5 f4 21. bxc6
bxc6 22. Rb6 Bh3 23. Bg2 Bxg2 24. Kxg2 Ra2+ 25. Kg1 Qh5 26. Rb2 Rfa8 27. Qc2
Ra1 28. Qf5 Rf8 29. Qe6 f3 30. Qxd6 Bg7 31. Rb8 f2+ 32. Rxf2 Rxc1+ 33. Kg2 Re8
34. h3 g4 35. h4 Re1 36. Rf5 R1xe3 37. Rxh5 Re2+ 38. Kg1 Re1+ 39. Kg2 1/2-1/2